000 00431nam a2200181Ia 4500
008 210210b1943 xxu||||| |||| 00| 0 eng d
041 _aeng
082 _a520/36
100 _aCHANDRASEKHAR (S)
245 _aPrinciples of stellar dynamics
260 _aNew York
_bDover Publications
_c1943
300 _ax,309
650 _astellar
650 _aPrinciples
650 _adynamics
690 _aAstronomy
906 _a008021
999 _c125956
_d125956